000 01051nam a22003377a 4500
003 CHAP
005 20220817042127.0
008 971013s1965 r 00010 d
010 _a35492
011 _a36464
035 _a40583
040 _cCHAP
082 _a338.17374
_bF3
110 _aFAO
245 _aAnálisis de la situación cacahuera mundial
260 _aRoma :
_bFAO,
_c1965
300 _a270 p.
_b; mapas
490 _aFAO. Estudios agropecuarios
_v; 63
590 _aBATCH-UPD
_b10
_c20130110
_lUCH01
_h2101
590 _aBATCH-UPD
_b10
_c20130410
_lUCH01
_h1413
590 _aBATCH-UPD
_b10
_c20130914
_lUCH01
_h0804
590 _aCONVERSION
_b10
_c20130109
_lUCH01
_h1320
650 1 4 _aCacao
_xAspectos económicos.
_916922
700 0 _aKrug, C. A.
_963975
700 0 _aQuartey-Papafio, E.
_993135
830 0 _aFAO. Estudios agropecuarios
_v; 63
_939546
901 _aBK
942 _cLIBRO
949 _a338.17374 F3
_bBC
_cFAO
_d-92767
_eFAO1
_h5778
_i40583
_si
949 _a338.17374 F3
_bBC
_cFAO
_d-92769
_eFAO2
_fc.2
_h5779
_i40583
_si
999 _c35492
_d35492